000
00328nam a22001457a 4500
008
210305b ||||| |||| 00| 0 eng d
020
_a
9780312065461
041
_a
eng
080
_2
3th
_a
82
082
_2
82
100
_a
21
101
_a
GJL
245
_a
The Bedford Introduction to Literature
_c
Meyer,M
942
_2
udc
_c
BK
999
_c
55815
_d
55815